000 00457nam a2200169 a 4500
005 20140412111427.0
008 090718s19uu xx 00 eng d
020 _a81-7723-346-7
050 _aM 420.7
_bR13 2004
100 _aRajput, P.N.
245 _aLearning Adjectives /
_cP.N. Rajput.
260 _aNew Delhi :
_bReader's world,
_c2004.
300 _a48p.
440 _aChild care series
650 _aEnglish as second language
999 _c106260
_d106260